Star Wars - All planets - Statistics

General Stats
  • This quiz has been taken 3,900 times
  • The average score is 59 of 1000
Answer Stats
Region Planet % Correct
Outer Rim Tatooine
91%
Core Coruscant
89%
Mid Rim Naboo
86%
Outer Rim Hoth
84%
Outer Rim Endor
83%
Core Alderaan
78%
Outer Rim Mustafar
77%
Outer Rim Kamino
75%
Outer Rim Yavin
75%
Outer Rim Yavin IV
75%
Outer Rim Geonosis
74%
Mid Rim Kashyyyk
71%
Outer Rim Bespin
69%
Outer Rim Dagobah
67%
Outer Rim New Alderaan
66%
Inner Rim Jakku
63%
Mid Rim Manda
60%
Outer Rim Dantooine
56%
Outer Rim Mandalore
54%
Outer Rim Dathomir
53%
Outer Rim Utapau
53%
Outer Rim Felucia
51%
Unknown Exegol
50%
Outer Rim Kessel
50%
Outer Rim Ryloth
49%
Core Corellia
47%
Hutt Space Nal Hutta
45%
Unknown Ilum
44%
Outer Rim Mon Cala
44%
Outer Rim Scarif
43%
Outer Rim Crait
41%
Mid Rim Jedha
38%
Outer Rim Lothal
37%
Mid Rim Takodana
37%
Unknown Ahch-To
36%
Expansion Umbara
36%
Outer Rim Korriban
33%
Outer Rim Mygeeto
33%
Outer Rim Christophsis
32%
Outer Rim Sullust
31%
Colonies Cato Neimoidia
30%
Inner Rim Onderon
30%
Outer Rim Rodia
30%
Outer Rim D'Qar
28%
Core Hosnian
27%
Core Hosnian Prime
27%
Mid Rim Malastare
27%
Outer Rim Saleucami
27%
Hutt Space Toydaria
27%
Outer Rim Malachor V
26%
? Mortis
26%
Mid Rim Ord Mantell
25%
Outer Rim Polis Massa
25%
Outer Rim Rishi
25%
Mid Rim Trandosha
25%
Outer Rim Cantonica
24%
Outer Rim Eadu
24%
Core Chandrila
23%
Hutt Space Nar Shaddaa
23%
Outer Rim Serenno
23%
Core Anaxes
22%
Core Kuat
22%
Outer Rim Raxus Prime
22%
Outer Rim Raxus Secundus
22%
Deep Core Tython
22%
Mid Rim Kijimi
21%
Outer Rim Teth
21%
Outer Rim Zygerria
21%
Outer Rim Florrum
20%
Outer Rim Pantora
20%
Mid Rim Ando
19%
Deep Core Byss
19%
Colonies Fondor
19%
Outer Rim Iego
19%
Mid Rim Iridonia
19%
Outer Rim Taris
19%
Outer Rim Abafar
18%
Outer Rim Ajan Kloss
18%
Mid Rim Concord Dawn
18%
Unknown Rakata Prime
18%
Expansion Shili
18%
Core Duro
17%
Outer Rim Eriadu
17%
Mid Rim Ithor
17%
Expansion Mimban
17%
Expansion Pasaana
17%
Core Skako
17%
Outer Rim Concordia
16%
Unknown Csilla
16%
Mid Rim Kaal
16%
Inner Rim Manaan
16%
Colonies Neimoidia
16%
? Nevarro
16%
Mid Rim Wobani
16%
Colonies Devaron
15%
Outer Rim Dromund Kaas
15%
Outer Rim Orto
15%
Outer Rim Agamar
14%
Outer Rim Anoat
14%
Outer Rim Atollon
14%
Mid Rim Bothawui
14%
Outer Rim Clak'dor VII
14%
Outer Rim Muunilinst
14%
Outer Rim Ossus
14%
Mid Rim Glee Anselm
13%
Outer Rim Kef Bir
13%
Mid Rim Ruusan
13%
Outer Rim Scipio
13%
Outer Rim Wayland
13%
Mid Rim Aleen Major
12%
Mid Rim Aleen Minor
12%
Outer Rim Bakura
12%
Colonies Balmorra
12%
Outer Rim Batuu
12%
Inner Rim Dxun
12%
Expansion Gamor
12%
Wildspace Kalee
12%
Hutt Space Klatooine
12%
Core Abregado-rae
11%
Colonies Carida
11%
Mid Rim Cerea
11%
Expansion Dorin
11%
Outer Rim Jabiim
11%
Outer Rim Lotho Minor
11%
Outer Rim Oba Diah
11%
Outer Rim Orto Plutonia
11%
Outer Rim Rattatak
11%
Outer Rim Telos IV
11%
Mid Rim Vandor I
11%
Core Vandor III
11%
Outer Rim Ziost
11%
Unknown Zonoma Sekot
11%
Outer Rim Alzoc III
10%
Outer Rim Bastion
10%
Mid Rim Belsavis
10%
Deep Core Empress Teta
10%
Inner Rim Hapes
10%
Outer Rim Honoghr
10%
Outer Rim Lah'mu
10%
Outer Rim Mirial
10%
Outer Rim Savareen
10%
Outer Rim Akiva
9%
Core Alsakan
9%
Inner Rim Ambria
9%
Colonies Arkania
9%
Mid Rim Boz Pity
9%
Mid Rim Falleen
9%
Mid Rim Haruun Kal
9%
Outer Rim Hypori
9%
Wildspace Lasan
9%
Outer Rim Maridun
9%
Mid Rim Ringo Vinda
9%
Outer Rim Sluis Van
9%
Core Aargau
8%
Outer Rim Arkanis
8%
Inner Rim Bestine IV
8%
Inner Rim Bilbringi
8%
Inner Rim Bogden
8%
Outer Rim Bonadan
8%
Core Brentaal IV
8%
Core Corulag
8%
Outer Rim Gand
8%
Colonies Ghorman
8%
Wildspace Lira San
8%
Outer Rim Lola Sayu
8%
Outer Rim Maw
8%
Inner Rim Myrkr
8%
Expansion Ring of Kafrene
8%
? Vardos
8%
Hutt Space Varl
8%
Outer Rim Xagobah
8%
Unknown Zakuul
8%
Mid Rim Ansion
7%
Mid Rim Anzat
7%
Mid Rim Balnab
7%
Colonies Borleias
7%
Core Caamas
7%
Expansion Cathar
7%
Inner Rim Champala
7%
Outer Rim Gamorr
7%
Outer Rim Gree
7%
Inner Rim Kiffu
7%
Outer Rim Lahn
7%
Core N'zoth
7%
Outer Rim Ord Cestus
7%
? Pillio
7%
Deep Core Prakith
7%
Outer Rim Quell
7%
Outer Rim Quermia
7%
Outer Rim Quesh
7%
Outer RIm Rhen Var
7%
Outer Rim Rugosa
7%
Outer Rim Sernpidal
7%
Colonies Sern Prime
7%
Outer Rim Subterrel
7%
Inner Rim Thyferra
7%
Outer Rim Vjun
7%
Outer Rim Voss
7%
Other Galaxy Yuuzhan Tar
7%
Inner Rim Zeltros
7%
Outer Rim Aeten II
6%
Mid Rim Alaris
6%
Mid Rim Alaris Prime
6%
Inner Rim Antar IV
6%
Expansion Aquaris
6%
Colonies Bardotta
6%
Outer Rim Belkadan
6%
Mid Rim Bimmisaari
6%
Colonies Castell
6%
Outer Rim Castilon
6%
Colonies Commenor
6%
Inner Rim Denon
6%
Outer Rim Dubrillion
6%
Outer Rim Er'Kit
6%
Outer Rim Garel
6%
Mid Rim Katarr
6%
Wildspace Kesh
6%
Deep Core Khomm
6%
Inner Rim Kiffex
6%
Expansion Kiros
6%
Unknown Lwhekk
6%
Inner Rim Obroa-skai
6%
Deep Core Ojom
6%
Outer Rim Peragus II
6%
Core Ralltiir
6%
Core Rendili
6%
Outer Rim Stygeon Prime
6%
Inner Rim Taanab
6%
Outer Rim Tund
6%
Outer Rim Vanqor
6%
Hutt Space Ylesia
6%
Wild Space Adumar
5%
Inner Rim Affa
5%
Expansion Alpheridies
5%
Wildspace Anoth
5%
Colonies Aquilae
5%
Outer Rim Arda I
5%
Outer Rim Arda II
5%
Outer Rim Arda III
5%
Core Balosar
5%
Outer Rim Bandomeer
5%
Outer Rim Barab I
5%
Core Basilisk
5%
Outer Rim Bimmiel
5%
Outer Rim Bpfassh
5%
Unknown CZ 198
5%
Core Drall
5%
Mid Rim Dressel
5%
Outer Rim Elom
5%
Core Esseles
5%
Outer Rim Fest
5%
Core Foerost
5%
Deep Core Had Abbadon
5%
Outer Rim Helska IV
5%
Expansion Iktotchon
5%
Unknown Iokath
5%
Wildspace Kadavo
5%
Inner Rim Kooriva
5%
Mid Rim Lannik
5%
Outer Rim Lorrd
5%
Outer Rim Mantooine
5%
Core Metellos
5%
Outer Rim Mintooine
5%
Core New Plympto
5%
Mid Rim Numidian Prime
5%
Outer Rim Ord Cantrell
5%
Expansion Rhommamool
5%
Outer Rim Rothana
5%
Core Selonia
5%
Outer Rim Socorro
5%
? Sorgan
5%
Outer Rim Sriluur
5%
Colonies Tholoth
5%
Outer Rim Vassek
5%
Expansion Vendaxa
5%
Mid Rim Vortex
5%
Deep Core Vulpter
5%
Core Aaeton
4%
Outer Rim Anx Minor
4%
Outer Rim Arbra
4%
Outer Rim Askaj
4%
Inner Rim Atzerri
4%
Outer Rim Axxila
4%
Mid Rim Azure
4%
Outer Rim Belderone
4%
Outer Rim Carlac
4%
Mid Rim Chalacta
4%
Inner Rim Colla IV
4%
Core Columus
4%
Inner Rim Cona
4%
Hutt Space Da Soocha
4%
Hutt Space Da Soocha V
4%
Outer Rim Deltooine
4%
Outer Rim Entralla
4%
Core Fresia
4%
Colonies Hok
4%
Core Humbarine
4%
Outer Rim Jestefad
4%
Core J't'p'tan
4%
Outer Rim Kalevala
4%
Outer Rim Kaller
4%
Expansion Kinyen
4%
Mid Rim Kothlis
4%
Outer Rim Lok
4%
Inner Rim Mechis III
4%
Mid Rim Metalorn
4%
Inner Rim Mindor
4%
Colonies Mrisst
4%
Outer Rim Nathema
4%
Expansion Nkllon
4%
Core Nubia
4%
Wildspace Odessen
4%
Outer Rim Ord Radama
4%
Core Pantolomin
4%
Outer Rim Parwa
4%
Expansion Ploo II
4%
Expansion Ploo IV
4%
Outer Rim Polus
4%
Inner Rim Quarzite
4%
Outer Rim Roon
4%
Core Sacorria
4%
Expansion Serroco
4%
Outer Rim Shadda-Bi-Boran
4%
Mid Rim Thanos
4%
Expansion Thisspias
4%
Mid Rim Tibrin
4%
Outer Rim Toola
4%
Outer Rim Toprawa
4%
Outer Rim Ventooine
4%
Outer Rim Vergesso
4%
Outer Rim Yaga Minor
4%
Inner Rim Yag'Dhul
4%
Expansion Yinchorr
4%
? Absanz
3%
Expansion Allanteen VI
3%
Expansion Aridus
3%
? Athulla
3%
Outer Rim Atravis
3%
Core Atrisia
3%
Wild Space Aurora
3%
Outer Rim Boonta
3%
Outer Rim Borgo Prime
3%
Outer Rim Borosk
3%
Core Botor
3%
Colonies Byblos
3%
Outer Rim Cadomai Prime
3%
Outer Rim Cardooine
3%
Expansion Celegia
3%
Core Centerpoint
3%
Mid Rim Chommell Minor
3%
Deep Core Constancia
3%
Outer Rim Corvis Minor
3%
Deep Core Cosia
3%
Colonies Deko Neimoidia
3%
Core Dentaal
3%
Outer Rim Despayre
3%
Mid Rim Druckenwell
3%
Outer Rim Florn
3%
Outer Rim Gala
3%
Colonies Giju
3%
Outer Rim Gravlex Med
3%
Wild Space G'rho
3%
Core Grizmallt
3%
Outer Rim Horuz
3%
Outer Rim Ibaar
3%
Outer Rim Javin
3%
Outer Rim Jomark
3%
Expansion Kerkoidia
3%
Wild Space Kinooine
3%
Hutt Space Kintan
3%
Outer Rim Kowak
3%
Mid Rim Kril'Dor
3%
Outer Rim Krownest
3%
Deep Core Kuar
3%
Outer Rim Kubindi
3%
Mid Rim Makab
3%
Expansion Mikkia
3%
Mid Rim Mon Gazza
3%
Colonies Mrlsst
3%
Outer Rim Nelvaan
3%
Mid Rim New Cov
3%
Wild Space Nirauan
3%
Mid Rim Null
3%
Outer Rim Ordo
3%
Outer Rim Oricon
3%
Outer Rim Orinda
3%
Outer Rim Phindar
3%
Colonies Phu
3%
Outer Rim Raydonia
3%
Mid Rim Roche
3%
Outer Rim Ruuria
3%
Core Sarapin
3%
Outer Rim Shola
3%
Outer Rim Sleheyron
3%
Mid Rim Sneeve
3%
Core Talus
3%
Core Tinnel
3%
Outer Rim Uba
3%
Outer Rim Ukio
3%
Outer Rim Wrea
3%
Inner Rim Wroona
3%
Mid Rim Zolan
3%
Outer Rim Abhean
2%
Outer Rim Aduba
2%
Outer Rim Aduba III
2%
? Agoliba-Ado
2%
? Agoliba-Ina
2%
Inner Rim Ailon
2%
Outer Rim Akrit'tar
2%
Outer Rim Akuria
2%
Outer Rim Aldivy
2%
Core Aldraig
2%
Core Aldraig IV
2%
Core Alland
2%
Outer Rim Allyuen
2%
Outer Rim Almania
2%
Inner Rim Amethia Prime
2%
Unknown Amrac
2%
Inner Rim Andalia
2%
Mid Rim Ankus
2%
Mid Rim Anteevy
2%
Outer Rim Antemeridias
2%
Outer Rim Arami
2%
Outer Rim Argazda
2%
? Arvala VII
2%
Core Ator
2%
Expansion Attahox
2%
Outer Rim Averam
2%
Expansion Bacrana
2%
Outer Rim Bahryn
2%
Mid Rim Balamak
2%
Outer Rim Batonn
2%
Core Bellassa
2%
Colonies Belnar
2%
Inner Rim Berchest
2%
Outer Rim Bescane
2%
Outer Rim Birgis
2%
Outer Rim Botajef
2%
Core Broest
2%
Expansion Cartao
2%
Outer Rim Celanon
2%
Mid Rim Centares
2%
? Chandel
2%
Inner Rim Chardaan
2%
Outer Rim Charros IV
2%
Inner Rim Chazwa
2%
Hutt Space Circumtore
2%
Outer Rim Ciutric IV
2%
Mid Rim Codia
2%
Outer Rim Comra
2%
Mid Rim Contruum
2%
Unknown Copero
2%
Expansion Corsin
2%
Outer Rim Cron Drift
2%
Mid Rim Cyphar
2%
Mid Rim Daalang
2%
Outer Rim Darvannis
2%
Inner Rim Datar
2%
Core Daupherm
2%
Expansion Derra IV
2%
Outer Rim Desevro
2%
Inner Rim Drearia
2%
Outer Rim Drexel
2%
Outer Rim Drongar
2%
Outer Rim Dubrava
2%
Outer Rim Duroon
2%
Deep Core Ebaq
2%
Outer Rim Edusa
2%
Outer Rim Elrood
2%
Outer Rim Etti IV
2%
Colonies Exodeen
2%
Wild Space Farana
2%
Core Fedalle
2%
Outer Rim Firrerre
2%
Mid Rim Fornax
2%
Outer Rim Garqi
2%
Outer Rim Generis
2%
Inner Rim Gorse
2%
Expansion Gyndine
2%
Core Hesperidium
2%
Outer Rim Imynusoph
2%
Core Isht
2%
Core Ixtlar
2%
Outer Rim Jaemus
2%
? Jalindi
2%
Mid Rim Juvex
2%
Mid Rim Kalarba
2%
Deep Core Kalist VI
2%
Outer Rim Karkaris
2%
Mid Rim Kwenn
2%
Mid Rim Lantilles
2%
Outer Rim Lefrani
2%
Outer Rim Lianna
2%
Outer Rim Makem Te
2%
Wild Space Malagarr
2%
Outer Rim Manpha
2%
Deep Core Mawr
2%
Outer Rim Murkhana
2%
? Mykapo
2%
Wild Space Mytus VII
2%
Unknown Naporar
2%
Colonies Nara
2%
Hutt Space Nar Kaaga
2%
Mid Rim New Apsolon
2%
Outer Rim Ord Trasi
2%
Hutt Space Orondia
2%
Colonies Palanhi
2%
Core Palawa
2%
Inner Rim Paqualis III
2%
Mid Rim Patitite Pattuna
2%
Expansion Pax
2%
Outer Rim Phaeda
2%
Outer Rim Plooma
2%
Outer Rim Praesitlyn
2%
Colonies Quellor
2%
Wild Space Redoubt
2%
Inner Rim Reecee
2%
Core Rhinnel
2%
Mid Rim Riflor
2%
Outer Rim Rinn
2%
Mid Rim Rintoone
2%
Outer Rim Rutan
2%
Expansion Sarrish
2%
Outer Rim Seelos
2%
Mid Rim Senex
2%
Mid Rim Shantipole
2%
Mid Rim Shu-Torun
2%
Mid Rim Sinta IV
2%
Core Spira
2%
Outer Rim Sump
2%
Outer Rim Svivren
2%
Outer Rim Tangrene
2%
Outer Rim Taul
2%
Core Tepasi
2%
Outer Rim Terminus
2%
Outer Rim Thalassia
2%
Expansion Thustra
2%
Inner Rim Tirahnn
2%
Mid Rim Togoria
2%
Outer Rim Toong'l
2%
Core Tralus
2%
Outer Rim Triton
2%
Outer Rim Troiken
2%
Expansion Tynna
2%
Mid Rim Ubrikkia
2%
Mid Rim Urce
2%
Colonies Vakkar
2%
Expansion Vandelhelm
2%
Core Velusia
2%
Outer Rim Vinsoth
2%
Mid Rim Wheel
2%
Core Xa Fel
2%
Colonies Yabol Opa
2%
? Yarma
2%
Outer Rim Zanbar
2%
Outer Rim Zhar
2%
Outer Rim Ammon IV
1%
Inner Rim Aphran
1%
Inner Rim Aphran IV
1%
Outer Rim Atchorb
1%
Mid Rim Baltizaar
1%
Core Bar'leth
1%
Outer Rim Baros
1%
Colonies Bassadro
1%
Colonies Batorine
1%
Expansion Belasco
1%
Core Belgaroth
1%
Mid Rim Belshar Othacuu
1%
Outer Rim Belsmuth II
1%
Outer Rim Belthu
1%
Outer Rim Berrol's Donn
1%
? Berzite
1%
? Bilzen
1%
Mid Rim Bloodnest
1%
Mid Rim Bomis Koori IV
1%
Outer Rim Bunduki
1%
Outer Rim Burnin Konn
1%
Outer Rim Cademimu V
1%
Outer Rim Cadinth
1%
Outer Rim Caluula
1%
? Camson
1%
Core Cardota
1%
? Carnelion IV
1%
Inner Rim Carratos
1%
Mid Rim Cejansij
1%
Mid Rim Chalcedon
1%
Core Challon
1%
Inner Rim Charubah
1%
Core Chasin
1%
Colonies Chorax
1%
Colonies Cilpar
1%
Outer Rim Columex
1%
Inner Rim Comkin V
1%
Unknown Cormit
1%
Deep Core Cos Secundu
1%
Outer Rim Cotellier
1%
Core Courtsilius
1%
Mid Rim Coyerti
1%
Unknown Crustai
1%
Expansion Cularin
1%
Hutt Space Cyborrea
1%
Expansion Cyrillia
1%
Core Dachat
1%
Outer Rim Daluuj
1%
Colonies Damoria
1%
Hutt Space Dandoran
1%
Mid Rim Danuta
1%
Core Darada
1%
Inner Rim Dargulli
1%
Outer Rim Darkknell
1%
Mid Rim Darkon III
1%
Outer Rim Darlyn Boda
1%
Outer Rim Daxam IV
1%
Outer Rim Delacrix
1%
Outer Rim Dellalt
1%
Outer Rim Delphon
1%
Outer Rim Delrakkin
1%
Core Demophon
1%
Outer Rim Dennogra
1%
Outer Rim Deyer
1%
Mid Rim Deysum III
1%
Core Diamal
1%
Mid Rim Dinzo
1%
Inner Rim Doldrums
1%
Mid Rim Doldur
1%
Outer Rim Dolla
1%
Core Dolomar
1%
Outer Rim Dornea
1%
Outer Rim Dosuun
1%
Core Dowut
1%
Outer Rim Draukyze
1%
Expansion Edan II
1%
Outer Rim Eiattu VI
1%
Outer Rim Elshandruu Pica
1%
Expansion Emberlene
1%
Outer Rim Emmer
1%
Mid Rim Enarc
1%
Outer Rim Eol Sha
1%
Wildspace Esfandia
1%
Outer Rim Ession
1%
Core Eufornis Major
1%
Outer Rim Excarga
1%
Outer Rim Exocron
1%
Core Farrfin
1%
Mid Rim Farstine
1%
Inner Rim Febrini
1%
Inner Rim Filordis
1%
Colonies Foless
1%
Colonies Folor
1%
Outer Rim Formos
1%
Deep Core Furies Gate
1%
Outer Rim Gabredor III
1%
Core Galand
1%
Core Galantos
1%
Outer Rim Galidraan
1%
Outer Rim Gannaria
1%
Core Ganthel
1%
Outer Rim Gargon
1%
Mid Rim Garos IV
1%
Mid Rim Genassa
1%
Outer Rim Gerrenthum
1%
Outer Rim Gigor
1%
Mid Rim Gizer
1%
Mid Rim Goroth Prime
1%
Inner Rim Gravan VII
1%
Mid Rim Gromas
1%
Core Gus Talon
1%
Core Gus Treta
1%
Outer Rim G'wenee
1%
Deep Core Hakassi
1%
Colonies Halanit
1%
Outer Rim Halmad
1%
Inner Rim Harrin
1%
Wild Space Hast
1%
Outer Rim Hays Minor
1%
Mid Rim Herdessa
1%
Hutt Space Hollastin
1%
Outer Rim Hosra
1%
Core Hyabb
1%
Colonies Ifmix
1%
Outer Rim Imdaar
1%
Wild Space Indoumodo
1%
Mid Rim Indupar
1%
Core Iphigin
1%
Outer Rim Irmenu
1%
Outer Rim Isde Naha
1%
Inner Rim Iseno
1%
Mid Rim Iskalon
1%
Expansion Isobe
1%
Colonies Jagga II
1%
Expansion Jazbina
1%
Deep Core Jerrilek
1%
Outer Rim Jhas Krill
1%
Hutt Space Jilrua
1%
Mid Rim Jiroch
1%
Outer Rim Jutrand
1%
Outer Rim Kabal
1%
Core Kaikielius
1%
Outer Rim Kal'Shebbol
1%
Deep Core Kampe
1%
Mid Rim Karfeddion
1%
Outer Rim Karideph
1%
Colonies Kattada
1%
Mid Rim Keitum
1%
Outer Rim Ketaris
1%
Mid Rim Khorm
1%
Expansion Kidriff V
1%
? Killun 71
1%
Expansion Kira
1%
Outer Rim Kirdo III
1%
Deep Core Kirrek
1%
Unknown Klasse Ephemora
1%
Inner Rim Kohlma
1%
Deep Core Krev Coeur
1%
Mid Rim Kriselist
1%
Inner Rim Ktil
1%
Mid Rim Lahsbane
1%
Mid Rim Lavisar
1%
Mid Rim Leritor
1%
Outer Rim Levian II
1%
Outer Rim Lipsec
1%
Outer Rim Listehol
1%
Outer Rim Llanic
1%
Mid Rim Loovria
1%
Colonies Loronar
1%
Mid Rim Lorta
1%
Outer Rim Lucazec
1%
Outer Rim Lutrillia
1%
Outer Rim Maltha Obex
1%
Core Mamendin
1%
Mid Rim Mandell
1%
Outer Rim Maryo
1%
Outer Rim Maryx Minor
1%
Outer Rim Mataou
1%
Outer Rim Mephout
1%
Inner Rim Merson
1%
Expansion M'haeli
1%
Expansion Milagro
1%
Inner Rim Milvayne
1%
Unknown Mobus
1%
Wild Space Mokivj
1%
Outer Rim Molavar
1%
Outer Rim Moltok
1%
Mid Rim Monastery
1%
Mid Rim Monor II
1%
? Montross
1%
Mid Rim Moonus Mandel
1%
Inner Rim Moorja
1%
Wildspace Morellia
1%
Outer Rim Morishim
1%
Mid Rim Mugaar
1%
Outer Rim Munto Codru
1%
Expansion Myomar
1%
Colonies Nak Shimor
1%
? Nal Kapok
1%
Mid Rim Namadii
1%
Outer Rim Nam Chorios
1%
Mid Rim Nanth'ri
1%
Outer Rim Naos III
1%
? Naraka
1%
Hutt Space Nar Haaska
1%
Outer Rim Nar Hypa
1%
Mid Rim Nazzri
1%
Mid Rim Nexus Ortai
1%
Outer Rim Nez Peron
1%
Mid Rim Nixor
1%
? Nixus
1%
Expansion Noe'ha'on
1%
Colonies Noquivzor
1%
Outer Rim Nothoiin
1%
Inner Rim Nouane
1%
Deep Core Nox
1%
Deep Core Obri
1%
Deep Core Odik II
1%
Mid Rim Ogem
1%
Mid Rim Ohma-D'un
1%
Outer Rim Omwat
1%
Outer Rim Oon
1%
Outer Rim Oosalon
1%
Outer Rim Ord Biniir
1%
Outer Rim Ord Canfre
1%
Mid Rim Ord Gimmel
1%
Outer Rim Ord Ibanna
1%
Colonies Ord Mirit
1%
Mid Rim Ord Pardron
1%
Inner Rim Orelon
1%
Unknown Oristrom
1%
Mid Rim Orocco
1%
Outer Rim Orvax IV
1%
Outer Rim Oseon VII
1%
Core Pakrik Major
1%
Core Pakrik Minor
1%
Outer Rim Pakuuni
1%
Outer Rim Pammant
1%
Mid Rim Paqwepor Major
1%
Inner Rim Patrolia
1%
Inner Rim Pengalan IV
1%
Expansion Pesitiin
1%
Outer Rim Phatrong
1%
Outer Rim Pho Ph'eah
1%
Core Plexis
1%
Inner Rim Poderis
1%
Core Pollillus
1%
Inner Rim Porus Vida
1%
Core Prildaz
1%
Outer Rim Pujool
1%
Outer Rim Pzob
1%
Expansion Qat Chrystac
1%
Core Questal
1%
Unknown Quethold
1%
Outer Rim Queyta
1%
? Quila
1%
Mid Rim Radnor
1%
Mid Rim Rago
1%
Core Ragoon VI
1%
Colonies Raithal
1%
Mid Rim Randon
1%
Core Recopia
1%
Outer Rim Renatasia
1%
Outer Rim Reus VIII
1%
Unknown Rhigar
1%
Hutt Space Riileb
1%
Outer Rim Rion
1%
Inner Rim Riosa
1%
Mid Rim Rori
1%
Expansion Roxuli
1%
Core Ruan
1%
Outer Rim Ryoone
1%
Outer Rim Ryvester
1%
Outer Rim Saijo
1%
Hutt Space Sakiya
1%
Outer Rim Salient II
1%
Core Salliche
1%
Outer Rim Sanrafsix
1%
Mid Rim Sarka
1%
Unknown Sarvchi
1%
Core Sedratis
1%
Mid Rim Seltos
1%
Outer Rim Sembla
1%
Wild Space Seoul V
1%
Outer Rim Sevarcos II
1%
Deep Core Sha Qarot
1%
Outer Rim Shaum Hii
1%
Core Shawken
1%
Outer Rim Siskeen
1%
Outer Rim Skye
1%
Inner Rim Spirana
1%
Outer Rim Stenos
1%
Expansion Stobar
1%
? Strokill Prime
1%
Deep Core Sunspot
1%
Unknown Syca
1%
Outer Rim Sy Myrth
1%
Outer Rim Syvris
1%
? Takobo
1%
Colonies Talasea
1%
Mid Rim Talay
1%
Core Talfaglio
1%
Outer Rim Tammuz-an
1%
Outer Rim Targonn
1%
Deep Core Tarkin's Fang
1%
Inner Rim Telti
1%
Inner Rim Terephon
1%
Colonies Teyr
1%
Outer Rim Thakwaa
1%
Outer Rim Thila
1%
Inner Rim Tinta
1%
Core Trantor
1%
Wild Space Trian
1%
Outer Rim Trigalis
1%
Outer Rim Trogan
1%
Mid Rim Umgul
1%
Colonies Uquine
1%
Outer Rim Uvena Prime
1%
Colonies Uviuy Exen
1%
Outer Rim Vaathkree
1%
Outer Rim Valc VII
1%
Outer Rim Vallt
1%
Outer Rim Varn
1%
Mid Rim Velmor
1%
Expansion Vena
1%
Mid Rim Vicondor
1%
Inner Rim Virujansi
1%
Colonies Vladet
1%
Hutt Space Vodran
1%
Outer Rim Vondarc
1%
Core Voon
1%
Outer Rim Vorzyd V
1%
Core Vultar
1%
Inner Rim Vurdon Ka
1%
Core Wakiza
1%
Outer Rim Wynkahthu
1%
Unknown Xirl
1%
Core Xorth
1%
? Yar Togna
1%
Outer Rim Zaddja
1%
Colonies Zardossa Stix
1%
Mid Rim ZeHeth
1%
Deep Core Z'fell
1%
Core Zhina
1%
? Zyzar
1%
Outer Rim Fedje
0%
Outer Rim Fenion
0%
Outer Rim Feriae Junction
0%
Core Galvoni III
0%
Core Glithnos
0%
Outer Rim Golrath
0%
Colonies Hensara
0%
Outer Rim Hissrich
0%
? Hovun IV
0%
Outer Rim Jaminere
0%
Colonies Jatir
0%
Outer Rim Jussafet IV
0%
Core Kailor V
0%
Deep Core Kalimahr
0%
Outer Rim Karazak
0%
Wildspace Kariek
0%
Mid Rim Katanos VII
0%
Outer Rim Kathol
0%
Colonies Kelada
0%
? Konkiv
0%
Core Korfo II
0%
Core Leria Kerlsil
0%
? Lew'el
0%
Expansion Lohopa II
0%
Mid Rim Lorahns
0%
Deep Core Malterra
0%
? Moraga
0%
? Ningoth
0%
Core Norkronia
0%
Outer Rim Obinipor
0%
Mid Rim Obredaan
0%
? Oliu
0%
? Omereth
0%
Outer Rim Orron III
0%
Core Osadia
0%
Inner Rim Pasher
0%
Core Polneye
0%
Colonies Rachuk
0%
? Radhii
0%
Core Raysho
0%
Deep Core Ronika
0%
Hutt Space Rorak IV
0%
Outer Rim Rudrig
0%
Outer Rim Saffalore
0%
Core Seffi
0%
Outer Rim Selaggis VI
0%
Wild Space Selvaris
0%
Outer Rim Sesid
0%
Outer Rim Sharlissia
0%
Deep Core Shikaakwa
0%
Outer Rim Shimia
0%
Colonies Shulstine V
0%
Outer Rim Shumavar
0%
Expansion Sibensko
0%
Deep Core Ska Gora
0%
? Skaradosh
0%
? Skorii-Lei
0%
Outer Rim Skynara
0%
Outer Rim Son-tuul
0%
Core Stassia
0%
Outer Rim Storinal
0%
Outer Rim Suarbi VII
0%
Core Tanjay IV
0%
Outer Rim Taskeed
0%
Unknown Tehar
0%
Core Thokos
0%
Core Thorgeld I
0%
? Thrad
0%
Outer Rim Tiss'sharl
0%
Outer Rim Todirium III
0%
Outer Rim Tokmia
0%
Core Trellen
0%
Outer Rim Trenwyth
0%
Mid Rim Triffis
0%
? Twon Ketee
0%
Core Tyed Kant
0%
Mid Rim Ultaar
0%
Mid Rim Uogo'cor
0%
Core Utrost
0%
Outer Rim Vahaba
0%
Outer Rim Vandyne
0%
Outer Rim Vaynai
0%
Colonies Venjagga
0%
Outer Rim Vestar
0%
Outer Rim Viamarr
0%
Outer Rim Viamarr IV
0%
Outer Rim Virgillia VII
0%
Outer Rim Vispil
0%
Colonies Vulvarch
0%
Core Vuma
0%
Colonies Wecacoe
0%
Core Weerden
0%
Core Widek
0%
Outer Rim Wistril
0%
Core Worru'du
0%
Core Wor Tandell
0%
Outer Rim Xartun
0%
Colonies Xobome VI
0%
Core Yulant
0%
No matching quizzes found
Score Distribution
Percent of People with Each Score
Percentile by Number Answered
Your Score History
You have not taken this quiz